[Event "GER-ch Army 15th"]
[Site "Stadtallendorf"]
[Date "2004.??.??"]
[Round "5"]
[White "Hofstetter, Hans Joachim"]
[Black "Heirich, Andreas"]
[Result "1-0"]
[WhiteElo "2176"]
[BlackElo "1813"]
[PlyCount "31"]
[EventDate "2004.05.10"]
[EventType "swiss"]
[EventRounds "6"]
[EventCountry "GER"]
[SourceTitle "EXT 2006"]
[Source "ChessBase"]
[SourceDate "2005.11.24"]
[SourceVersion "1"]
[SourceVersionDate "2005.11.24"]
[SourceQuality "1"]

1. e4 d6 2. d4 Nf6 3. Nc3 g6 4. f4 Bg7 5. Nf3 0-0 6. Bd3 c5 7. d5 a6 8. a4 Qb6 9. Bc4 Qb4 10. Nd2 Ng4 11. Qf3 Bd4 12. Nd1 Bg7 13. a5 f5 14. c3 fxe4 15. Qxe4 Bf5 16. Qf3 1-0

[Event "Nord West Cup 05th"]
[Site "Bad Zwischenahn"]
[Date "2003.??.??"]
[Round "3"]
[White "Heirich, Andreas"]
[Black "Lammers, Markus"]
[Result "0-1"]
[WhiteElo "1852"]
[BlackElo "2137"]
[PlyCount "64"]
[EventDate "2003.02.??"]
[EventType "swiss"]
[EventRounds "7"]
[EventCountry "GER"]
[SourceTitle "EXT 2004"]
[Source "ChessBase"]
[SourceDate "2003.11.25"]
[SourceVersion "1"]
[SourceVersionDate "2003.11.25"]
[SourceQuality "1"]

1. d4 Nf6 2. c4 g6 3. Nc3 Bg7 4. Bg5 0-0 5. Nf3 c6 6. e3 d5 7. Bd3 Bf5 8. 0-0 Nbd7 9. Rc1 Bxd3 10. Qxd3 Nb6 11. cxd5 Nfxd5 12. Nxd5 Nxd5 13. Rfd1 Qa5 14. a3 Qb6 15. h3 Rfd8 16. Qc2 Rac8 17. Qc5 Qxb2 18. Rb1 Qe2 19. Rd2 Qa6 20. Bxe7 b6 21. Qc1 Nxe7 22. Rc2 h6 23. Nd2 Rd7 24. Ne4 Qd3 25. Nc3 c5 26. Na2 Rdc7 27. Kh2 Nd5 28. Rd2 Qe4 29. dxc5 Rxc5 30. Qd1 Be5+ 31. g3 Rc2 32. Kg1 Rxd2 0-1